[Event "First Saturday 2008 december IM"]
[Site "Budapest"]
[Date "2008.12.16"]
[Round "11"]
[White "Demir, Gokhan"]
[Black "Kahn, Evarth dr"]
[Result "1/2-1/2"]
[WhiteElo "2239"]
[BlackElo "2297"]
[PlyCount "20"]
[EventDate "2008.12.06"]

1. e4 e5 2. Nf3 Nf6 3. Nxe5 d6 4. Nf3 Nxe4 5. Qe2 Qe7 6. d3 Nf6 7. Bg5 Qxe2+ 8.
Bxe2 Be7 9. Nc3 c6 10. O-O O-O 1/2-1/2

[Event "First Saturday 2008 december IM"]
[Site "Budapest"]
[Date "2008.12.16"]
[Round "11"]
[White "Simonyi, Zoltan"]
[Black "Kislik, Erik Andrew"]
[Result "1-0"]
[WhiteElo "2248"]
[BlackElo "2278"]
[PlyCount "167"]
[EventDate "2008.12.06"]

1. Nf3 Nf6 2. c4 g6 3. Nc3 d5 4. cxd5 Nxd5 5. e4 Nxc3 6. dxc3 Qxd1+ 7. Kxd1 Nd7
8. Bc4 Bg7 9. Bf4 e5 10. Be3 O-O 11. Ke2 Re8 12. Ng5 Re7 13. Rhd1 h6 14. Nf3
Re8 15. Bb5 c6 16. Bc4 Bf8 17. a4 Nf6 18. Nd2 Ng4 19. f3 Nxe3 20. Kxe3 Kg7 21.
g4 Bc5+ 22. Ke2 h5 23. h3 Rh8 24. Rh1 Be7 25. Nb3 Bd7 26. Rad1 Rad8 27. Kf2 Bc8
28. Kg2 Rdf8 29. Bd3 Rh7 30. Nc1 Be6 31. Bc2 Bd8 32. Bb3 Bc8 33. Nd3 Bc7 34.
Nf2 Kf6 35. h4 Ke7 36. g5 Rhh8 37. Rd2 Rh7 38. Nh3 Rg7 39. Rhd1 Re8 40. Bc4 Kf8
41. Kg3 Rg8 42. Rd3 Re7 43. R3d2 Kg7 44. Rd3 Rf8 45. R3d2 Ree8 46. Rd3 Bd8 47.
Rd6 Be7 48. R6d3 a5 49. R1d2 f6 50. gxf6+ Bxf6 51. Ng5 Bxg5 52. hxg5 Rf4 53.
Rh2 Ref8 54. Bb3 Rh8 55. Rh4 Rff8 56. Bc4 Rd8 57. f4 Rxd3+ 58. Bxd3 Rd8 59. Bc4
Rd2 60. fxe5 b5 61. axb5 cxb5 62. Bd5 Rd3+ 63. Kf2 Bg4 64. Rh1 Kf8 65. Ra1 a4
66. c4 Rb3 67. cxb5 Rxb2+ 68. Ke3 Rxb5 69. Rxa4 Rb6 70. Ra8+ Ke7 71. Kd4 Bd7
72. Ra7 Ke8 73. Kc5 Rb5+ 74. Kd6 Rb6+ 75. Kc7 Rb4 76. e6 Bxe6 77. Bxe6 Rxe4 78.
Kd6 Rd4+ 79. Ke5 Rd1 80. Kf6 Rf1+ 81. Kxg6 h4 82. Rh7 Rh1 83. Kf6 Rf1+ 84. Bf5
1-0

[Event "First Saturday 2008 december IM"]
[Site "Budapest"]
[Date "2008.12.16"]
[Round "11"]
[White "Toth, Lili"]
[Black "Szalanczy, Emil"]
[Result "0-1"]
[WhiteElo "2194"]
[BlackElo "2343"]
[PlyCount "66"]
[EventDate "2008.12.06"]

1. d4 c5 2. d5 e6 3. c4 exd5 4. cxd5 d6 5. Nc3 g6 6. Nf3 Bg7 7. Nd2 Nh6 8. e4
O-O 9. Be2 Nd7 10. O-O Ne5 11. f4 Neg4 12. Nf3 f5 13. h3 fxe4 14. hxg4 exf3 15.
gxf3 Qe7 16. Kg2 Bd7 17. Bd3 Rae8 18. Bd2 a6 19. Re1 Qd8 20. Rh1 Nf7 21. Qg1
Qf6 22. Rd1 b5 23. Be4 Rxe4 24. Nxe4 Qxb2 25. Qh2 h6 26. Qh4 b4 27. Qe7 Ba4 28.
Rde1 Re8 29. Qh4 Rxe4 30. Rxe4 Qxd2+ 31. Kg3 Bd4 32. Rh2 Qd1 33. Ree2 Bb5 0-1

[Event "First Saturday 2008 december IM"]
[Site "Budapest"]
[Date "2008.12.16"]
[Round "11"]
[White "Juhasz, Kristof"]
[Black "Bravetti, Antonio"]
[Result "1/2-1/2"]
[WhiteElo "2214"]
[BlackElo "2205"]
[PlyCount "40"]
[EventDate "2008.12.06"]

1. Nf3 d6 2. d4 g6 3. c4 Bg7 4. g3 e5 5. Nc3 Nc6 6. d5 Nce7 7. Bg2 f5 8. O-O
Nf6 9. c5 O-O 10. Qb3 Nd7 11. Be3 f4 12. cxd6 cxd6 13. Bd2 Nc5 14. Qa3 e4 15.
Ng5 e3 16. fxe3 fxg3 17. Rxf8+ Kxf8 18. hxg3 Nf5 19. Nge4 Be5 20. Nxc5 dxc5
1/2-1/2

[Event "First Saturday 2008 december IM"]
[Site "Budapest"]
[Date "2008.12.16"]
[Round "11"]
[White "Adams, Nick A"]
[Black "Karolyi, Tibor Jr"]
[Result "1/2-1/2"]
[WhiteElo "2205"]
[BlackElo "2363"]
[PlyCount "23"]
[EventDate "2008.12.06"]

1. d4 Nf6 2. c4 g6 3. Nc3 d5 4. Nf3 Bg7 5. e3 O-O 6. Be2 c5 7. O-O cxd4 8. exd4
Nc6 9. Re1 b6 10. Bg5 dxc4 11. Bxc4 Bb7 12. a3 1/2-1/2

[Event "First Saturday 2008 december IM"]
[Site "Budapest"]
[Date "2008.12.17"]
[Round "12"]
[White "Szalanczy, Emil"]
[Black "Juhasz, Kristof"]
[Result "1/2-1/2"]
[WhiteElo "2343"]
[BlackElo "2214"]
[PlyCount "83"]
[EventDate "2008.12.06"]

1. e4 c6 2. d4 d5 3. e5 Bf5 4. Nc3 e6 5. g4 Bg6 6. Nge2 f6 7. h4 Nd7 8. h5 Bf7
9. Bf4 fxe5 10. dxe5 Qc7 11. Bg2 Nxe5 12. Qd4 Bd6 13. O-O-O Nf6 14. h6 g6 15.
g5 Nfd7 16. Ne4 dxe4 17. Qxd6 Qxd6 18. Rxd6 Nc4 19. Rdd1 e5 20. Bg3 e3 21. Bh3
Ncb6 22. fxe3 Ke7 23. Nc3 Be6 24. Bg2 Nc4 25. Rde1 Nd6 26. b3 Rhf8 27. Rhf1
Rxf1 28. Rxf1 Rf8 29. Rxf8 Kxf8 30. Kd2 Bg4 31. a4 Bf5 32. a5 a6 33. e4 Bg4 34.
Na4 Nf7 35. Bh4 Ke7 36. Bf1 Kd6 37. b4 Nd8 38. Bf2 Ne6 39. Be3 Bf3 40. Bd3 Bg4
41. Nb6 Nxb6 42. axb6 1/2-1/2

[Event "First Saturday 2008 december IM"]
[Site "Budapest"]
[Date "2008.12.17"]
[Round "12"]
[White "Kislik, Erik Andrew"]
[Black "Toth, Lili"]
[Result "1-0"]
[WhiteElo "2278"]
[BlackElo "2194"]
[PlyCount "71"]
[EventDate "2008.12.06"]

1. e4 c5 2. Nf3 e6 3. d4 cxd4 4. Nxd4 a6 5. Nc3 d6 6. Be3 Nd7 7. Qd2 Be7 8.
O-O-O Ngf6 9. f3 Qc7 10. Kb1 O-O 11. g4 Ne5 12. g5 Nfd7 13. Qg2 b5 14. Bc1 b4
15. Nce2 Bb7 16. h4 Rfc8 17. Ng3 d5 18. f4 Nc4 19. e5 Rab8 20. Rh3 a5 21. Nh5
Nc5 22. Nf6+ Kh8 23. Qf3 gxf6 24. gxf6 Bxf6 25. exf6 Qd8 26. b3 Na3+ 27. Ka1
Ne4 28. Bb2 Nc3 29. Bd3 Qxf6 30. Qh5 h6 31. Ne2 Ba6 32. Nxc3 Nxc2+ 33. Bxc2
bxc3 34. Ba3 d4 35. Be7 Qg7 36. Rg3 1-0

[Event "First Saturday 2008 december IM"]
[Site "Budapest"]
[Date "2008.12.17"]
[Round "12"]
[White "Stigar, Petter"]
[Black "Simonyi, Zoltan"]
[Result "1/2-1/2"]
[WhiteElo "2299"]
[BlackElo "2248"]
[PlyCount "20"]
[EventDate "2008.12.06"]

1. d4 d5 2. c4 e6 3. Nf3 Nf6 4. g3 b6 5. Bg2 Bb7 6. O-O Be7 7. Nc3 O-O 8. Ne5
Na6 9. Qa4 Qe8 10. Qxe8 Rfxe8 1/2-1/2

[Event "First Saturday 2008 december IM"]
[Site "Budapest"]
[Date "2008.12.17"]
[Round "12"]
[White "Kahn, Evarth dr"]
[Black "Yatzenko, Anton"]
[Result "0-1"]
[WhiteElo "2297"]
[BlackElo "2267"]
[PlyCount "184"]
[EventDate "2008.12.06"]

1. a3 e5 2. c4 Nf6 3. d3 g6 4. Nc3 Bg7 5. g3 O-O 6. Bg2 d6 7. e4 Be6 8. Nge2
Qd7 9. O-O Bh3 10. f4 Nc6 11. Nd5 Nxd5 12. cxd5 Ne7 13. Be3 Bxg2 14. Kxg2 c6
15. dxc6 bxc6 16. d4 exf4 17. Nxf4 d5 18. e5 Nf5 19. Bf2 f6 20. g4 fxe5 21.
dxe5 Nh6 22. e6 Qd6 23. Bg3 Be5 24. e7 Rxf4 25. Bxf4 Bxf4 26. Qf3 g5 27. Rae1
Re8 28. h4 Rxe7 29. hxg5 Rxe1 30. Rxe1 Bxg5 31. Re8+ Kg7 32. Ra8 Nf7 33. Rxa7
Bf4 34. Qd3 Qf6 35. Rb7 d4 36. b4 Be3 37. Qf5 Qxf5 38. gxf5 Kf6 39. Kf3 Bc1 40.
a4 Ne5+ 41. Ke4 d3 42. Rxh7 d2 43. Rh6+ Ke7 44. Rh1 Ng4 45. Kf3 Ne3 46. b5 cxb5
47. axb5 d1=Q+ 48. Rxd1 Nxd1 49. b6 Ba3 50. Ke4 Kd6 51. b7 Kc7 52. f6 Kxb7 53.
f7 Kc7 54. f8=Q Bxf8 55. Kd3 Kd6 56. Kc4 Ke6 57. Kd4 Nf2 58. Ke3 Bc5+ 59. Kf3
Kf5 60. Kg3 Ne4+ 61. Kg2 Kf4 62. Kh1 Nf2+ 63. Kh2 Kf3 64. Kg1 Be3 65. Kf1 Bd4
66. Kg1 Be5 67. Kf1 Bh2 68. Ke1 Ne4 69. Kf1 Nd2+ 70. Ke1 Ke3 71. Kd1 Kd3 72.
Ke1 Bg3+ 73. Kd1 Nc4 74. Kc1 Bd6 75. Kd1 Bb4 76. Kc1 Ne3 77. Kb2 Kc4 78. Kc1
Bc3 79. Kb1 Nf5 80. Kc2 Nd4+ 81. Kd1 Kd3 82. Kc1 Ke2 83. Kb1 Bb4 84. Kc1 Ke1
85. Kb2 Kd2 86. Kb1 Ba3 87. Ka2 Bc1 88. Kb1 Kd1 89. Ka2 Kc2 90. Ka1 Nb5 91. Ka2
Nc3+ 92. Ka1 Bb2# 0-1

[Event "First Saturday 2008 december IM"]
[Site "Budapest"]
[Date "2008.12.18"]
[Round "13"]
[White "Juhasz, Kristof"]
[Black "Kislik, Erik Andrew"]
[Result "0-1"]
[WhiteElo "2214"]
[BlackElo "2278"]
[PlyCount "50"]
[EventDate "2008.12.06"]

1. Nf3 Nf6 2. c4 g6 3. Nc3 d5 4. Qa4+ Bd7 5. Qb3 dxc4 6. Qxc4 Bg7 7. e4 O-O 8.
e5 Ne8 9. d4 c6 10. Bg5 Be6 11. Qb4 f6 12. Bc4 Bxc4 13. Qxc4+ Kh8 14. Bf4 Nd7
15. h4 fxe5 16. Bxe5 Nxe5 17. dxe5 Rxf3 18. gxf3 Bxe5 19. f4 Nd6 20. Qe6 Bxf4
21. h5 g5 22. O-O Qe8 23. Qg4 Nf7 24. Ne2 Ne5 25. Qf5 Nf3+ 0-1

[Event "First Saturday 2008 december IM"]
[Site "Budapest"]
[Date "2008.12.18"]
[Round "13"]
[White "Adams, Nick A"]
[Black "Szalanczy, Emil"]
[Result "1/2-1/2"]
[WhiteElo "2205"]
[BlackElo "2343"]
[PlyCount "25"]
[EventDate "2008.12.06"]

1. d4 d5 2. c4 c6 3. Nc3 Nf6 4. cxd5 cxd5 5. Nf3 Nc6 6. Bf4 e6 7. e3 Be7 8. Bd3
O-O 9. O-O Bd7 10. Rc1 a6 11. a3 Rc8 12. Qe2 b5 13. h3 1/2-1/2

[Event "First Saturday 2008 december IM"]
[Site "Budapest"]
[Date "2008.12.18"]
[Round "13"]
[White "Karolyi, Tibor Jr"]
[Black "Bravetti, Antonio"]
[Result "1-0"]
[WhiteElo "2363"]
[BlackElo "2205"]
[PlyCount "53"]
[EventDate "2008.12.06"]

1. d4 Nf6 2. c4 e6 3. Nc3 d5 4. cxd5 exd5 5. Bg5 Be7 6. e3 O-O 7. Bd3 c6 8. Qc2
Nbd7 9. Nf3 Re8 10. O-O Ne4 11. Bxe4 Bxg5 12. Bxh7+ Kh8 13. Bd3 Bf6 14. b4 Nf8
15. b5 Bg4 16. bxc6 bxc6 17. Be2 Kg8 18. Na4 Rc8 19. Rab1 Rc7 20. Rb3 Ng6 21.
h3 Bc8 22. Nc5 Qd6 23. Rb8 Rce7 24. Rfb1 Nf8 25. Bd3 g6 26. R8b3 Kg7 27. Rc3
1-0

-1/2